Strzelcy Bramek w Finale Mundialu (2002-2022) - Statystyki

Ogólne statystyki
  • Ten quiz został rozwiązany 420 razy
  • Średni wynik to 16 z 18
Statystyki odpowiedzi
Rok Finał Strzelec % Poprawnych
2018 Francja-Chorwacja 4:2 Kylian Mbappe
99%
2022 Argentyna-Francja 3:3 Kylian Mbappe
99%
2022 Argentyna-Francja 3:3 Kylian Mbappe
99%
2022 Argentyna-Francja 3:3 Kylian Mbappe
99%
2022 Argentyna-Francja 3:3 Lionel Messi
99%
2022 Argentyna-Francja 3:3 Lionel Messi
99%
2002 Brazylia-Niemcy 2:0 Ronaldo
92%
2002 Brazylia-Niemcy 2:0 Ronaldo
92%
2010 Hiszpania-Holandia 1:0 Andres Iniesta
91%
2006 Włochy-Francja 1:1 Zinedine Zidane
89%
2022 Argentyna-Francja 3:3 Angel Di Maria
88%
2014 Niemcy-Argentyna 1:0 Mario Gotze
85%
2018 Francja-Chorwacja 4:2 Mario Mandzukic (s)
81%
2018 Francja-Chorwacja 4:2 Antoine Griezmann
78%
2018 Francja-Chorwacja 4:2 Mario Mandzukic
77%
2018 Francja-Chorwacja 4:2 Paul Pogba
75%
2018 Francja-Chorwacja 4:2 Ivan Perisic
66%
2006 Włochy-Francja 1:1 Marco Materazzi
57%
Nie znaleziono quizów pasujących do podanych kryteriów
Rozkład punktacji
Procent ludzi z każdym wynikiem
Percentyl według liczby udzielonych odpowiedzi
Twoja historia wyników
Nie rozwiązałeś tego quizu